LIBRARY & INFORMATION CENTRE, KCAET, TAVANUR

ONLINE PUBLIC ACCESS CATALOGUE (OPAC)

Transistor circuit analysis and design / (Record no. 6021)

MARC details
000 -LEADER
fixed length control field 00400cam a2200157ua 4500
003 - CONTROL NUMBER IDENTIFIER
control field OSt
008 - FIXED-LENGTH DATA ELEMENTS--GENERAL INFORMATION
fixed length control field 250108b |||||||| |||| 00| 0 eng d
041 ## - LANGUAGE CODE
Language code of text/sound track or separate title eng
082 ## - DEWEY DECIMAL CLASSIFICATION NUMBER
Classification number 621.384131
Item number FIT/TR
100 ## - MAIN ENTRY--AUTHOR NAME
Personal name Fitchen, Franklin C .
245 ## - TITLE STATEMENT
Title Transistor circuit analysis and design /
250 ## - EDITION STATEMENT
Edition statement 2 /
260 ## - PUBLICATION, DISTRIBUTION, ETC. (IMPRINT)
Place of publication Toronto :
Name of publisher D Van nostrand co ,
Year of publication 1973.
300 ## - PHYSICAL DESCRIPTION
Number of Pages 412 ; .
942 ## - ADDED ENTRY ELEMENTS (KOHA)
Koha item type Books
Holdings
Withdrawn status Lost status Damaged status Home library Current library Date acquired Full call number Accession Number Koha item type
      KAUAET KAUAET 07/04/2012 621.384131 FIT/TR 12178 Books
free website counter